Readings in Indian Christian theology / (Record no. 2061)
[ view plain ]
| 000 -LEADER | |
|---|---|
| fixed length control field | 01297nam a2200373 a 4500 |
| 001 - CONTROL NUMBER | |
| control field | 3953151 |
| 003 - CONTROL NUMBER IDENTIFIER | |
| control field | GBCCL |
| 005 - DATE AND TIME OF LATEST TRANSACTION | |
| control field | 20241126110416.0 |
| 008 - FIXED-LENGTH DATA ELEMENTS--GENERAL INFORMATION | |
| fixed length control field | 930928s1993 enk 001 0 eng d |
| 010 ## - | |
| -- | 93212240 |
| 020 ## - INTERNATIONAL STANDARD BOOK NUMBER | |
| International Standard Book Number | 0281046220 (pbk) : |
| Terms of availability | £7.99 |
| 020 ## - INTERNATIONAL STANDARD BOOK NUMBER | |
| International Standard Book Number | 0281046239 (special edition) |
| 035 ## - SYSTEM CONTROL NUMBER | |
| System control number | (OCoLC)29221687 |
| 040 ## - CATALOGING SOURCE | |
| Original cataloging agency | Uk |
| Transcribing agency | Uk |
| Modifying agency | DLC |
| 042 ## - | |
| -- | lccopycat |
| 043 ## - | |
| -- | a-ii--- |
| 050 00 - | |
| -- | BT30.I5 |
| -- | R44 1993 |
| 082 00 - DEWEY DECIMAL CLASSIFICATION NUMBER | |
| Classification number | 230.0954 |
| Edition information | 21 |
| Item number | REA |
| 245 00 - TITLE STATEMENT | |
| Title | Readings in Indian Christian theology / |
| Statement of responsibility, etc. | edited by R.S. Sugirtharajah and Cecil Hargreaves. |
| 260 ## - PUBLICATION, DISTRIBUTION, ETC. | |
| Place of publication, distribution, etc. | London : |
| Name of publisher, distributor, etc. | SPCK, |
| Date of publication, distribution, etc. | 2001, c1993. |
| 300 ## - PHYSICAL DESCRIPTION | |
| Extent | v. <1 >; |
| Dimensions | 22 cm. |
| 490 0# - SERIES STATEMENT | |
| Series statement | TEF study guide |
| 505 1# - FORMATTED CONTENTS NOTE | |
| Formatted contents note | Vol.1. 1993. |
| 630 00 - SUBJECT ADDED ENTRY--UNIFORM TITLE | |
| Uniform title | Bible |
| General subdivision | Criticism, interpretation, etc. |
| Geographic subdivision | India |
| General subdivision | History. |
| 9 (RLIN) | 4228 |
| 650 #0 - SUBJECT ADDED ENTRY--TOPICAL TERM | |
| Topical term or geographic name entry element | Theology, Doctrinal |
| Geographic subdivision | India |
| General subdivision | History. |
| 9 (RLIN) | 4223 |
| 651 #0 - SUBJECT ADDED ENTRY--GEOGRAPHIC NAME | |
| Geographic name | India |
| General subdivision | Church history. |
| 9 (RLIN) | 54 |
| 651 #0 - SUBJECT ADDED ENTRY--GEOGRAPHIC NAME | |
| Geographic name | India |
| General subdivision | Intellectual life. |
| 9 (RLIN) | 4229 |
| 700 1# - ADDED ENTRY--PERSONAL NAME | |
| Personal name | Sugirtharajah, R. S. |
| Fuller form of name | (Rasiah S) |
| 9 (RLIN) | 4224 |
| 700 1# - ADDED ENTRY--PERSONAL NAME | |
| Personal name | Hargreaves, Cecil. |
| 9 (RLIN) | 4225 |
| 830 #0 - | |
| -- | TEF study guide ; |
| -- | 29 (advanced) |
| -- | 4230 |
| 906 ## - LOCAL DATA ELEMENT F, LDF (RLIN) | |
| a | 7 |
| b | cbc |
| c | copycat |
| d | 2 |
| e | ncip |
| f | 19 |
| g | y-gencatlg |
| 942 ## - ADDED ENTRY ELEMENTS (KOHA) | |
| Source of classification or shelving scheme | Dewey Decimal Classification |
| Koha item type | Books |
| Koha issues (borrowed), all copies | 5 |
| Withdrawn status | Lost status | Source of classification or shelving scheme | Damaged status | Not for loan | Home library | Current Library | Shelving location | Date acquired | Total checkouts | Full call number | Barcode | Date last seen | Date last checked out | Copy number | Price effective from | Koha item type | Total renewals |
|---|---|---|---|---|---|---|---|---|---|---|---|---|---|---|---|---|---|
| Dewey Decimal Classification | GRACE BIBLE COLLEGE | GRACE BIBLE COLLEGE | Theology | 2017-06-28 | 2 | 230.0954 REA | 012297 | 2025-05-01 | 2018-04-23 | c.1 | 2017-06-28 | Books | |||||
| Dewey Decimal Classification | GRACE BIBLE COLLEGE | GRACE BIBLE COLLEGE | Theology | 2017-06-28 | 230.0954 REA | 012298 | 2025-05-01 | c.2 | 2017-06-28 | Books | |||||||
| Dewey Decimal Classification | GRACE BIBLE COLLEGE | GRACE BIBLE COLLEGE | Theology | 2017-06-28 | 1 | 230.0954 REA | 012325 | 2025-05-01 | 2024-02-26 | c.3 | 2017-06-28 | Books | |||||
| Dewey Decimal Classification | GRACE BIBLE COLLEGE | GRACE BIBLE COLLEGE | Theology | 2017-06-28 | 230.0954 REA | 012936 | 2025-05-01 | c.4 | 2017-06-28 | Books | |||||||
| Dewey Decimal Classification | GRACE BIBLE COLLEGE | GRACE BIBLE COLLEGE | Theology | 2017-06-28 | 230.0954 REA | 012937 | 2025-05-01 | c.5 | 2017-06-28 | Books | |||||||
| Dewey Decimal Classification | GRACE BIBLE COLLEGE | GRACE BIBLE COLLEGE | Theology | 2017-06-28 | 1 | 230.0954 REA | 012938 | 2025-05-01 | 2021-11-03 | c.6 | 2017-06-28 | Books | 1 | ||||
| Dewey Decimal Classification | GRACE BIBLE COLLEGE | GRACE BIBLE COLLEGE | Theology | 2018-07-24 | 1 | 230.0954 REA | 013516 | 2025-05-01 | 2021-03-09 | c.7 | 2018-07-24 | Books |